000 00512nam a22001817a 4500
005 20180730154916.0
010 _aENG-123622
020 _c295.00
_a9789386191342
035 _aEN-107154
037 _bDBAD/PUB
082 _aN
100 _aShah Alam Khan
245 _aMan with the white beard /
_cby Shah Alam Khan
260 _aNew Delhi
_bLiFi Publications
_c2018
270 _a211,2nd Floor, Gagandeep 12, Rajendra Place
_bNew Delhi
_e110008
300 _a238p.
_c21cm(pbk)
942 _2ddc
_cEN
_hN
_mSHA
999 _c155140
_d155140